Palau Güell : el Gaudí més desconegut = El Gaudí más desconocido = The least-known Gaudí = Le Gaudí plus méconnu el Gaudí més desconegut = El Gaudí más desconocido = The least-known Gaudí = Le Gaudí plus méconnu
Descripción Física:
1 f. plegat en 3 parts ; 21 cm
Materias:
Palau Güell (Barcelona) -- Guies
MARC
| LEADER | 00000nam a2200000Ia 4500 | ||
|---|---|---|---|
| 001 | 24121 | ||
| 008 | 160829s2013 xx 000 0 cat d | ||
| 080 | |a FU-64-65 | ||
| 245 | |a Palau Güell : |b el Gaudí més desconegut = El Gaudí más desconocido = The least-known Gaudí = Le Gaudí plus méconnu | ||
| 260 | |a Barcelona : |b Diputació de Barcelona, |c 2013 | ||
| 300 | |a 1 f. plegat en 3 parts ; |c 21 cm | ||
| 590 | |a Text en diversos idiomes (català, castellà, anglès i francès). Hi ha un altre exemplar en diversos idiomes (italià, alemany, rus i japonès) amb R. 24123 | ||
| 610 | 2 | 0 | |a Palau Güell (Barcelona) |v Guies |9 52892 |
| 710 | 1 | |a Barcelona (Catalunya : Província). |b Diputació |9 52408 | |
| 856 | |u www.palauguell.cat | ||
| 901 | |a Arxiu | ||
| 942 | |n 1 | ||
| 952 | |0 0 |1 0 |4 0 |6 FU6465 |7 1 |9 55847 |a Arxiu |b Arxiu |d 2016-12-01 |l 0 |o FU-64-65 |p 24121 |r 2016-12-01 00:00:00 |w 2016-12-01 |y ARXIU | ||
| 999 | |c 59720 |d 59720 | ||